[Event "Tilburg Fontys"]
[Site "Tilburg"]
[Date "1998.10.24"]
[Round "2"]
[White "Sadler, Matthew D"]
[Black "Topalov, Veselin"]
[Result "1/2-1/2"]
[WhiteElo "2660"]
[BlackElo "2700"]
[Annotator "Wells,P"]
[PlyCount "68"]
[EventDate "1998.10.23"]
[EventType "tourn"]
[EventRounds "11"]
[EventCountry "NED"]
[EventCategory "18"]
[SourceTitle "EXT 1999"]
[Source "ChessBase"]
[SourceDate "1998.11.16"]
[SourceVersion "1"]
[SourceVersionDate "1998.11.16"]
[SourceQuality "1"]

1. d4 Nf6 2. c4 e6 3. Nc3 Bb4 4. e3 c5 5. Nge2 cxd4 6. exd4 O-O 7. a3 Be7 8. d5
exd5 9. cxd5 Bc5 10. b4 $5 {I am sure that white has to look here to those
moves which disrupt the smooth flow of black's planned set-up, viz: ...d6, ...
Re8, ...Nbd7, ...a6 etc. Either 10 Na4, or the text therefore look the most
likely to make an impact, and I am not surprised to see Sadler turn to it.} ({
After} 10. Na4 $5 {the reply} b6 {seems to be holding up well eg.} 11. Nec3 $5
{I prefer this to} (11. Nxc5 $6 bxc5 12. Nc3 Re8+ 13. Be2 Ba6 14. O-O Bxe2 15.
Nxe2 Qb6 16. Nc3 d6 17. Rb1 Nbd7 18. Be3 Qa6 {[%cal Yd7e5,Ye5c4]} 19. b4 Qc4
20. Qd2 Rac8 21. bxc5 Nxc5 22. Nb5 Nce4 {when black was very active. Gallego,
V-Lalic,B/Benasque 1996/CBM 53 ext.}) 11... Re8+ 12. Be2 Ba6 13. O-O Bxe2 14.
Nxe2 Na6 15. Nac3 $5 {[%csl Ra6]} Bd6 16. h3 Nc5 17. Be3 Nfe4 18. Rc1 Qf6 19.
b4 Nxc3 20. Nxc3 Ne4 21. Nb5 $5 Qe5 22. Nxd6 Qxd6 23. Qd3 Nf6 24. Rfd1 Rac8 {
with a very slight edge for white at the most.. Yakovich,Y-Alterman,B/Beijing
1997/CBM 61.}) 10... Bd6 {Topalov decides to keep this piece, since white's
arguably loosening 10th move creates fresh opportunities for play on the e5-a1
diagonal. It is also quite possible to play 10...Bb6 and look to rapid
development to compensate for the bishop pair after} (10... Bb6 11. Na4 Re8 $1
12. Nxb6 axb6 13. h3 $5 d6 (13... Re5 $6 {This kind of greed is very often
misguided in these positions} 14. Bb2 Rxd5 15. Qc2 Nc6 16. g4 d6 17. Bg2 Be6
18. O-O Rc8 19. Nf4 Rg5 20. Nxe6 fxe6 21. f4 $16 {Malaniuk,V-Tunik,G/Yalta op
1996}) 14. Be3 Ne4 $1 {Black's counterchances rest on impeding white's
development and play on the light squares.} 15. Qd4 Nd7 16. g4 f5 $1 17. Bg2
Ne5 18. O-O Ng6 $1 {[%cal Yg6h4]} 19. gxf5 Bxf5 20. Ng3 Nh4 21. Nxf5 Nxf5 22.
Qxb6 Qf6 23. Bf4 Nh4 $44 {Guliev,S-Volzhin,A/Moscow 1994/CBM 45 ext.}) 11. g3 (
11. Bb2 Be5 12. Ng3 a5 13. b5 {[%csl Rc5]} (13. Be2 axb4 14. axb4 Rxa1 15. Qxa1
Na6 {[%csl Rb4]}) 13... d6 14. Be2 Nbd7 (14... Nfd7 15. O-O Nc5 16. f4 Bf6 17.
Nh5 $1 $40) 15. O-O Nc5 (15... Nb6 $5 16. f4 (16. Qd2 Nbxd5 17. Nxd5 Bxb2) (16.
Bf3 $2 Nc4 $132) 16... Bxc3 17. Bxc3 Nbxd5 18. Bd4 Re8 19. Qd2 $44 Bg4 $140 $5
20. Bd3 $1 (20. Bxg4 $6 Nxg4 21. Bxg7 Qh4 22. h3 Nge3 23. Rf3 Rac8 24. Re1 Kxg7
25. Rfxe3 Nxe3 26. Rxe3 Kg8 27. Nf5 Qf6 $15)) 16. f4 Bxc3 17. Bxc3 a4 {[%cal
Yc5b3]} 18. f5 Bd7 19. Rb1 Re8 $132 {[%csl Ye3][%cal Yf6e4,Yc5b3,Ye8e3] Knaak,
R-Piket,J/GER-chT 1997. Black has sufficent squares for his knights and rook
to compensate for the bishop pair.}) 11... Re8 12. Bg2 Be5 {[%cal Ye5a1]} 13.
O-O a5 $1 {An important element in black's set-up. He needs either the c5
square, or a weak b4 pawn to attack.} 14. b5 {[%csl Rc5]} (14. Bb2 axb4 15.
axb4 Rxa1 16. Bxa1 Na6 $5 (16... d6) 17. f4 $5 (17. b5 Nc5 $132 {[%csl Yc5]})
17... Bxc3 (17... Qb6+ 18. Kh1 Bxc3 19. Nxc3 Qxb4 20. d6 $44 {looks quite
reasonable for white since there are still quite a few question marks hanging
over black's development.}) 18. Nxc3 $1 (18. Bxc3 Qe7 $1 $36 {[%csl Re2,Re3]
[%cal Ge7e2]}) 18... Nxb4 (18... d6 19. Qd4 $14) 19. d6 Qb6+ $140 20. Kh1 Re6
21. Na4 Qxd6 22. Qxd6 Rxd6 23. Rc1 $132 {I am not surprised that Sadler
rejected 14 Bb2 since it looks rather speculative, but still I find it
interesting and worth further investigation.}) 14... d6 15. h3 {[%csl Gg4]
[%cal Gg3g4]} (15. f4 Qb6+ 16. Kh1 Bxc3 17. Nxc3 Bg4 $5 $132 (17... Bf5) (17...
Ng4 $6 18. Ra2 $1 $14)) 15... Nfd7 $5 {[%cal Ge5f6]} 16. f4 Bf6 17. Ra2 $1 {
[%csl Yc1,Re3][%cal Ya2h2] Efficient development. Working along the second
rank the rook can find a role either on the c-file, or supporting the
king-side push. The c1 bishop, on the other hand, is best placed at home,
particularly covering e3.} Nc5 18. g4 g6 $1 19. Rc2 Bg7 {Is this really what
Nimzovitch had in mind?} 20. Ng3 Nbd7 {The position somewhat resembles a
Benoni. Black has a great square on c5, but white has secured the e4 square,
and will challenge this with Ne4 while keeping some hopes on the king-side.}
21. Kh2 $5 {This square turns out to have some drawbacks in the game
continuation, but at the same time there are good reasons to wish to vacate g1
( the desire to threaten d6 among others ). Black's reply also raises
interesting questions. It arguably misplaces his other knight, since that
would ideally reserve the option to jump into c5 after its colleague is
exchanged. On the other hand, the bishop on c8 gets to support f5.} (21. Nce4
Nxe4 22. Nxe4 f5 (22... Nc5 $5) 23. gxf5 gxf5 24. Ng5 Nf6 (24... Nc5 $6 25. Qh5
h6 $140 26. Qf7+ Kh8 27. Bb2) 25. Qd3 $5 {[%csl Rf5][%cal Yg5e6]}) 21... Nb6
22. Nce4 Nxe4 23. Nxe4 f5 24. Ng5 (24. gxf5 $2 Bxf5 $17) 24... fxg4 25. hxg4
Bd7 {[%cal Ya8c8]} 26. Ne6 (26. Rh1 $5 {-Fritz 5.}) 26... Qh4+ 27. Kg1 Bxe6 28.
dxe6 Rxe6 29. Rc7 $1 (29. Bxb7 Rae8 $40 {[%cal Ye6e1]}) 29... Re7 (29... Rae8
$2 30. Rxg7+ Kxg7 31. Qd4+ Kg8 32. Qxb6 Qxg4 (32... Re1 33. Bd5+) 33. Qxb7) (
29... d5 30. Rxb7 Rae8 31. Rxg7+ Kxg7 32. Bb2+ Kf7 33. Qd4 $132) 30. Rxb7 Rxb7
31. Bxb7 Qg3+ 32. Kh1 $1 (32. Bg2 Rc8 33. Qxd6 (33. Qf3 Bd4+ 34. Kh1 Qh4+ 35.
Qh3 Qxh3+ 36. Bxh3 Rc3 37. Bg2 Bc5 $132) 33... Rc2 34. Bd2 Qxg4 $13) 32... Qh3+
(32... Re8 33. Qf3 Qh4+ 34. Kg2 $14) 33. Kg1 Qg3+ 34. Kh1 Qh3+ 1/2-1/2

[Event "FRA-chT"]
[Site "France"]
[Date "2001.02.03"]
[Round "2.2"]
[White "Lautier, Joel"]
[Black "Winants, Luc"]
[Result "1-0"]
[WhiteElo "2658"]
[BlackElo "2515"]
[Annotator "Winants,L"]
[PlyCount "61"]
[EventDate "2001.02.02"]
[EventType "team"]
[EventRounds "11"]
[EventCountry "FRA"]
[SourceTitle "CBM 083"]
[Source "ChessBase"]
[SourceDate "2001.07.05"]
[SourceVersion "1"]
[SourceVersionDate "2001.07.05"]
[SourceQuality "1"]
[WhiteTeam "Clichy"]
[BlackTeam "Cappelle la Grande"]
[WhiteTeamCountry "FRA"]
[BlackTeamCountry "FRA"]

{[%mdl 4]} 1. d4 {Lautier} Nf6 2. c4 e6 3. Nc3 Bb4 4. e3 c5 5. Nge2 cxd4 6.
exd4 O-O 7. a3 Be7 8. Nf4 {On retrouve cette variante dans les parties de
Kramnik, dont Joël avait été le secondant а Londres (match contre Kasparov),
puis а Wijk aan Zee. Je me trouvais donc pris au dépourvu, car j'avais eu le
tort de penser que les analyses du champion seraient réservées а quelques
gibiers plus importants.} d5 9. cxd5 Nxd5 10. Ncxd5 exd5 11. Bd3 {C'est ici
que j'ai commencé а réfléchir. Je connaissais la victoire de Kramnik sur Leko
et le nul Khalifman-Anand, du dernier championnat FIDE. Ce qui n'apportait
d'ailleurs pas grand-chose puisque les Noirs y avaient éprouvés de grosses
difficultés dans les deux cas.} Nc6 12. O-O {Les Blancs dominent la diagonale
vers h7 et exercent une forte pression contre d5. Les Noirs ne parviennent pas
а mobiliser le Bc8.} Bg5 ({Si} 12... Bf6 {alors tout simplement} 13. Be3 {
suivi de Rc1 et Bb1 pour jouer ensuite Qd3 ou Ba2 :} g6 14. Rc1 Bg7 (14... Qd6
15. Bb1 Be6 16. Re1 Rfe8 17. Qd2 Rac8 18. h3 b6 19. b4 $14 {Timman-Ravi,
Amsterdam 2000}) 15. Bb1 Ne7 16. Re1 Re8 17. Qf3 Qb6 18. b4 Be6 19. h4 Bd7 20.
Ba2 $14 {Timman-Anand, Wijk aan Zee 2000}) 13. Re1 h6 (13... Bxf4 14. Bxf4 Qf6
15. Be5 Nxe5 16. Rxe5 Be6 17. Qd2 Rad8 18. Rae1 {Avec un clair avantage
Kramnik-Leko, Budapest, janvier 2001}) (13... Qd6 14. Ne6 Bxe6 15. Bxg5 {
I.Sokolov-Epishin, Groningen 1997}) 14. Bc2 Qd6 15. g3 Bd8 {Une nouvelle idée,
mais qui ne parvient pas а égaliser : Le Fou se dirige vers b6, fait place aux
pions et prépare le recul du Cavalier en e7. 'N?!' Lautier.} ({Si} 15... Rd8
16. h4 Bxf4 17. Bxf4 Qf6 18. Be5 (18. Bc7 $2 Be6 $3 {Khalifman-Anand, New
Delhi 2000}) 18... Nxe5 19. Rxe5 Be6 20. h5 {Suivi de Qd3}) ({Ou} 15... Ne7 16.
h4 Bf6 17. Nh5 {puis Bf4 et Nxf6.}) 16. Nh5 (16. Be3 {Lautier} Bb6 $14) (16. b4
$5 {Lautier}) 16... g5 $5 {Pour empêcher Bf4 et couper le Cavalier du jeu.
'?!' Lautier.} (16... Bb6 {Lautier} 17. Bf4 Qd8 18. Qd3 g6 19. Be5 (19. Bxh6 $2
Bf5 $17) 19... Nxe5 20. dxe5 Bf5 21. Qe2 gxh5 22. Bxf5 Qg5 23. Qf3 $16) (16...
Bh3 $142 {Lautier}) 17. Qd3 $2 {Les Blancs n'aperçoivent pas la réplique des
Noirs. '?!' Lautier.} ({Il valait mieux jouer} 17. b4 {immédiatement.}) (17. b4
$1 $16 {Lautier}) 17... Qg6 $1 (17... f5 {Lautier} 18. Bd2 $16) 18. Qd1 (18.
Qxg6+ $6 {Lautier} fxg6 19. Bxg6 Nxd4 $36) 18... Qd6 $2 {J'avais déjà consommé
trop de temps pour oser résister а cette répétition des coups. '?!' Lautier.} (
18... Bf5 {était jouable} 19. Bxf5 Qxf5 20. g4 Qd7 (20... Qg6 {Lautier} 21. Ng3
Bb6 22. Nf5 Rae8 23. Be3 Ne7 $11) 21. Ng3 Ne7 {suivi de f5.}) ({mais le
meilleur était encore} 18... f5 19. b4 Bd7 {'+/=' Lautier.} (19... a6 $14 {
Lautier}) 20. Bb2 (20. b5 Na5 21. Re5 (21. Bd2 Nc4 22. Bb4 Re8 23. Qf3 $36)
21... Nc4 22. Rxd5 Be6 23. Qf3 Bb6) 20... Qf7 {Menaçant Be8, avec une
excellente partie.}) 19. b4 $1 {'+/-!' Lautier.} a6 (19... f5 {se heurtait
désormais а} 20. b5 Na5 (20... Ne7 {Lautier} 21. Bd2 $16) 21. Bd2 {puis Bb4})
20. Bb2 Bh3 {Mon plan consistait а sacrifier la qualité pour capturer le Fou
de cases blanches. '?' Lautier.} ({Si} 20... Bd7 21. Qf3 f5 22. Bb3 Ne7 23. Re5
{avec domination}) (20... f5 21. Qf3 Be6 22. Re2 Bb6 23. Rae1 Rae8 24. Bxf5 $3
Rxf5 25. Nf6+ {Les Blancs gagnent}) (20... Bb6 21. Qf3 Bxd4 22. Qd3 Qg6 23. Qd1
f5 24. Bxd4 Nxd4 25. Qxd4 Qxh5 26. Qxd5+ Qf7 27. Qd6 {idem.}) 21. g4 {Menaçant
de coincer le Fou en jouant la Dame sur f3 ou d3.} Bc7 22. Re5 $1 {J'avais
entrevu cette possibilité, mais sous-estimé la portée du 28e coup blanc. '+-!'
Lautier.} ({Moins convaincant serait} 22. f4 f5 23. Bxf5 Rxf5 24. gxf5 Bxf5 {
avec quelques compensations.}) 22... f5 (22... Nxe5 {Lautier} 23. dxe5 Qc6 24.
Qd3 $18) 23. Bxf5 Rxf5 24. gxf5 Bxf5 25. Qf3 ({Surtout pas} 25. Rxf5 $4 Qxh2+
26. Kf1 Qh1+ {'-+' Lautier.} (26... Qh3+ $19 {Lautier}) 27. Ke2 Qe4+) 25...
Nxe5 26. dxe5 Qe6 27. Nf6+ Kh8 28. Nxd5 {Vers c7 et e3 : Les Noirs ne
trouveront pas le temps de faire valoir le Ff5.} Bd8 29. Ne3 Bh3 30. Qxb7 Rc8
31. Rd1 {Abandonne : Il n'y a rien а faire contre 32.Rd6} (31. Rd1 {Lautier}
Be7 32. Rd6 $18) 1-0

[Event "EU-ch 12th"]
[Site "Aix les Bains"]
[Date "2011.03.24"]
[Round "3"]
[White "Vaisser, Anatoli"]
[Black "Zakhartsov, Viacheslav V"]
[Result "1-0"]
[WhiteElo "2522"]
[BlackElo "2608"]
[Annotator "Zakhartsov,Vi"]
[PlyCount "63"]
[EventDate "2011.03.22"]
[EventType "swiss"]
[EventRounds "11"]
[EventCountry "FRA"]
[SourceTitle "CBM 142 Extra"]
[Source "ChessBase"]
[SourceDate "2011.06.27"]
[SourceVersion "1"]
[SourceVersionDate "2011.06.27"]
[SourceQuality "1"]

1. d4 Nf6 2. c4 e6 3. Nc3 Bb4 4. e3 b6 5. Nge2 c5 6. a3 Ba5 7. Rb1 Na6 8. g3 {
Rather unexpectedly.} ({Earlier Anatoly has chosen mainly} 8. Bd2 O-O 9. Ng3)
8... Bb7 9. d5 b5 10. Bg2 bxc4 11. O-O O-O 12. e4 (12. dxe6 Bxg2 13. exf7+ Rxf7
14. Kxg2 d5 {would give to Black an excellent position, as in the game
Sosnicki-Forintos, Koszalin 1997}) 12... d6 (12... exd5 13. e5 Ng4 14. Bxd5 {
would be better for White:} Qb6 15. b3 Bxd5 16. Nxd5 Qd8 17. b4 Bb6 (17... cxb4
{?} 18. Qd4) 18. Qa4 Nc7 19. bxc5 Nxd5 20. Qxc4) 13. Bg5 Nc7 {An
over-the-board novelty.} ({I didn't like} 13... exd5 14. Nxd5 Bxd5 15. Bxf6
Qxf6 16. Qxd5 Nc7 17. Qxc4 {with a better position for White.}) 14. e5 $5 {
A very interesting attempt to create a strong passed pawn, which was in the
long run fully justified. Other options are:} (14. dxe6 fxe6 15. Qa4 Bb6 16.
Qxc4 h6) (14. Nf4 exd5 15. Ncxd5 Ncxd5 16. Nxd5 Bxd5 17. exd5 (17. Bxf6 {?!}
Qxf6 18. Qxd5 Rab8) 17... h6 18. Bxf6 Qxf6 19. Qa4 Bd8 20. Qxc4 Rb8 {with
roughly equal chances in both cases}) 14... dxe5 15. d6 Bxg2 16. Bxf6 {A
necessary intermediate capture.} ({Worse would be} 16. Kxg2 Nce8 17. d7 (17.
Ne4 Qd7 18. Nxf6+ Nxf6 19. Bxf6 gxf6 20. Nc3 f5) 17... Qxd7 18. Qxd7 Nxd7 19.
Be7 Nef6 20. Bxf8 Kxf8 {with an advantage for Black.}) 16... Qxf6 17. Kxg2 Nd5
(17... Bxc3 {was possible:} 18. Nxc3 Rad8 19. Re1 Nd5 20. Nxd5 exd5 21. Qxd5
Rxd6 22. Qxe5 Rd2 23. Qxf6 gxf6 {, and this ending should be a draw.}) (17...
Rad8 $4 {loses a piece due to} 18. Qa4) 18. Nxd5 exd5 19. Qxd5 Rad8 20. d7 e4
21. Kg1 Qe7 (21... Qf3 {was more straightforward:} 22. Nf4 Bc7 23. Ng2 Qd3 24.
Rbd1 Qxd5 25. Rxd5 f6 26. Ne3 Rf7 27. Rfd1 Be5 28. Rxc5 Rfxd7 29. Rxd7 Rxd7 30.
Nxc4 Bd4 31. Rc6 Kf7 {with a level ending.}) 22. Rbd1 e3 $6 {In approaching
time trouble I began to commit several mistakes. This is a bad idea which
opens the f-file for the white rook.} (22... Rb8 23. Nc3 e3 {!} 24. fxe3 Rxb2
25. Ne4 c3 26. Nxc3 Qxe3+ 27. Kh1 Rf2 (27... Qxc3 {??} 28. Qxf7+ {!} Rxf7 29.
d8=Q+ {with mate}) 28. Rxf2 Qxf2 29. Nb5 Rd8 {with mutual chances.}) 23. fxe3
Qxe3+ $2 ({Better was again} 23... Rb8 $1 24. Qxc4 (24. Nc3 Rxb2 {- see
previous note}) 24... Rxb2 25. Nf4 Qxe3+ 26. Kh1 Qb3 27. Qxc5 Bb6 28. Qd5 Qc2
29. Ng2 g6 30. Rfe1 {with advantage for White, but Black would kept definite
counterchances.}) 24. Rf2 Rb8 $2 (24... Qb3 25. Nf4) 25. Qxc4 h6 $2 {I had
overlooked on the previous move that I cannot play} (25... Rxb2 $4 {due to} 26.
Qxf7+ Rxf7 27. d8=Q+ {, mating.}) ({But} 25... Qb3 $1 {would have retained
chances to save the game:} 26. Qxb3 Rxb3 27. Nf4 Rd8 28. Re2 g6 29. Nd5 Kf8 30.
Ne3 Bc7 31. Nc4 f5 32. Kg2 Kf7) 26. Rd3 Qe5 27. Nc3 {Now White has a big
advantage without Black's counterplay.} Bxc3 28. bxc3 Qe7 29. Rd1 Rb6 $4 {
The final blunder.} ({However, after} 29... Rfd8 30. Re2 Qg5 31. Kg2 {White
also should win.}) 30. d8=Q $1 Rxd8 31. Qxf7+ Qxf7 32. Rxd8+ 1-0